000 01910nam a2200469Ii 4500
001 DIGDYK1691
003 NyNyDIG
006 m o d
007 cr |||||||||||
008 220905s2020 sp a ob 000 0 spa d
035 _a(OCoLC)1149685828
040 _aDGITA
_beng
_erda
_epn
_cDGITA
020 _a9788413246178
_qpdf
020 _z9788413243863
043 _ae-sp---
050 1 4 _aHQ1692 ebook
245 0 4 _aLos retos de la igualdad en un escenario de transformación digital /
_cPilar Conde Colmenero, directora ; Ma Nieves Alonso García, José Manuel López Jiménez, coordinadores.
264 1 _aMadrid :
_bDykinson, S.L.,
_c[2020]
300 _a1 online resource :
_billustrations.
336 _atext
_btxt
_2rdacontent
337 _acomputer
_bc
_2rdamedia
338 _aonline resource
_bcr
_2rdacarrier
347 _atext file
_2rdaft
347 _bPDF
500 _a"Junta de Castilla y León, Consejería de Familia e Igualdad de Oportunidades"--Cover.
504 _aIncludes bibliographical references.
588 0 _aOnline resource; title from PDF title page (Digitalia, viewed September 5, 2022)
650 0 _aSex discrimination in employment
_zSpain.
650 0 _aInternet and women
_zSpain.
650 0 _aEquality
_zSpain.
650 0 _aWomen
_xSocial conditions
_zSpain.
655 0 _aElectronic books.
700 1 _aConde Colmenero, Pilar,
_eeditor.
700 1 _aAlonso García, María Nieves,
_eeditor.
700 1 _aLópez Jiménez, José Manuel,
_eeditor.
791 2 _aDigitalia (Firm),
_edistributor.
793 0 _gDigitalia eBook Collection:
_aDykinson Editorial
776 0 8 _iPrint version:
_tRetos de la igualdad en un escenario de transformación digital.
_dMadrid : Dykinson, S.L., [2020]
_z9788413243863
856 4 0 _3Digitalia Hispánica
_uhttps://www.digitaliapublishing.com/a/76521/
910 _aPremium collection: 2022
942 _cRAA
999 _c263702
_d263702